000 00334nam a2200145 i 4500
001 bg
100 1 _aCROLL, Neil A.
245 0 _aPasożytnictwo i inne związki /
_cNeil A. Crall.
260 _aWarszawa,
_c1977.
040 _cBPK
041 _apol
080 _a576.6/.8
942 _cKS
008 s pl f |000 0 pol
999 _c9459
_d9459
856 _uhttp://koha.tu.koszalin.pl/cgi-bin/koha/opac-detail.pl?biblionumber=9459
_yKatalog online BPK